000 00963nam a2200301Ia 4500
003 OSt
005 20221007124007.0
006 a|||||r|||| 00| 0
007 ta
008 221006b |||||||| |||| 00| 0 eng d
020 _a9788120324411 (pbk)
024 _a83491
037 _b1237, 23/02/2009, Educational Book Agency (India)
_cTextbook
040 _aCDL
_cCDL
_beng
041 _2eng
_aeng
082 _aE5, P5 Carc
100 _aMehta Bhupinder
_9526175
245 0 _aOrganic chemistry
_b Mehta Manju
260 _aNew
_bDelhi Prentice Hall of India
_c2005
300 _axxix, 1130p.
_ccm.
500 _aGlossary 1097-1106p.; Index 1107-1130p.
650 _a Heterocyclic compounds
650 _a Organic chemistry
650 _aChemistry
700 _a Mehta Manju
942 _hE5, P5 Carc
_cTB
_2CC
999 _c1212767
_d1212767